000 00520nam a22001697a 4500
999 _c8565
_d8565
008 201202b ||||| |||| 00| 0 eng d
040 _aBMS College of Architecture
100 _aManne, Sameera
245 _aRiver side eco resort at Amaravathi
300 _a27p.
500 _a1BM13AT064
502 _8B,Arch
_NBMS College of Architecture, Visvesvaraya Technological University (VTU)
_aProject report
_d2017
650 _aResort
700 _aShanu Raina
_eGuide
700 _aPraveen Alva
_eGuide
942 _2ddc
_cTHE